MARC
| LEADER | 000000000a22000000004500 | ||
|---|---|---|---|
| 001 | 003319 | ||
| 041 | 0 | |a spa | |
| 082 | 0 | 4 | |a 305.45 |b B341m |
| 245 | 0 | 0 | |a Malitzin, imagen y discurso de la mujer en el primer México virreinal. |
| 300 | |a 28 páginas | ||
| 500 | |a En: Revista Cuadernos Americanos, no. 40 año 1993 | ||
| 650 | 4 | |a MUJERES | |
| 650 | 4 | |a AMERICA | |
| 650 | 4 | |a HISTORIA | |
| 650 | 4 | |a CONQUISTA | |
| 650 | 4 | |a 1519-1540 | |
| 999 | |c 9567 |d 9567 | ||
| 942 | |c BK |h 305.45 B341m |2 z | ||
